Computer Networks A System Approch (Record no. 302810)

MARC details
000 -LEADER
fixed length control field 00427nam a2200169Ia 4500
008 - FIXED-LENGTH DATA ELEMENTS--GENERAL INFORMATION
fixed length control field 230718s9999 xx 000 0 und d
041 ## - LANGUAGE CODE
Language code of text/sound track or separate title eng
082 ## - DEWEY DECIMAL CLASSIFICATION NUMBER
Classification number 004.6
Item number PET
100 ## - MAIN ENTRY--PERSONAL NAME
Personal name Peterson L.L.
9 (RLIN) 108584
245 ## - TITLE STATEMENT
Title Computer Networks A System Approch
250 ## - EDITION STATEMENT
Edition statement 2nd ed.
260 ## - PUBLICATION, DISTRIBUTION, ETC. (IMPRINT)
Name of publisher, distributor, etc. Harcourt
300 ## - PHYSICAL DESCRIPTION
Extent 748
365 ## - TRADE PRICE
Currency code Rs.
Price amount 375.00
700 ## - ADDED ENTRY--PERSONAL NAME
Personal name Peterson L.L.
9 (RLIN) 108584
906 ## - LOCAL DATA ELEMENT F, LDF (RLIN)
d B:66927-Dec-2001
c COMP
b 56.25
Holdings
Withdrawn status Lost status Damaged status Not for loan Home library Current library Date acquired Vendor Budget Code Cost, normal purchase price Bill number Total Checkouts Full call number Barcode Date last seen Discount Cost, replacement price Bill Date Koha item type Original Barcode
        Cummins College of Engineering for Women Pune Cummins College of Engineering for Women Pune 05/01/2002 SNJA COMP 318.75 669   004.6 CCEP-BK-14017 18/07/2023 56.25 375.00 27/12/2001 Books 014017